All 25k cities in Canada - Statistics

General Stats
  • This quiz has been taken 16 times
  • The average score is 56 of 169
Answers on the Map
Answers color-coded by a green-red scale on the quiz's map according to % correct below.
 
Answer Stats
Population City % Correct
1,153,843 Ottawa
92%
592,884 Québec
92%
3,273,119 Toronto
92%
756,008 Vancouver
92%
1,569,133 Calgary
85%
1,190,458 Edmonton
85%
502,753 Halifax
85%
1,945,359 Montréal
85%
78,165 Saint John
85%
126,154 St. John's
85%
165,200 Kelowna
77%
488,640 London
77%
308,626 Saskatoon
77%
117,100 Thunder Bay
77%
102,856 Victoria
77%
33,228 Whitehorse
77%
843,640 Winnipeg
77%
791,486 Brampton
69%
298,986 Burnaby
69%
46,607 Charlottetown
69%
186,337 Greater Sudbury
69%
159,360 Guelph
69%
632,111 Hamilton
69%
148,869 Kingston
69%
320,360 Kitchener
69%
460,396 Laval
69%
111,400 Lethbridge
69%
368,110 Markham
69%
67,909 Medicine Hat
69%
780,747 Mississauga
69%
97,523 Moncton
69%
110,707 Nanaimo
69%
112,917 Red Deer
69%
255,395 Regina
69%
242,966 Richmond
69%
700,459 Surrey
69%
149,208 Trois-Rivières
69%
353,648 Vaughan
69%
266,309 Windsor
69%
175,087 Abbotsford
62%
169,419 Barrie
62%
72,700 Fredericton
62%
305,334 Gatineau
62%
69,377 Grande Prairie
62%
109,633 Kamloops
62%
268,684 Longueuil
62%
36,273 Moose Jaw
62%
111,793 Niagara Falls
62%
238,716 Oakville
62%
80,740 Sault Ste. Marie
62%
184,303 Sherbrooke
62%
144,161 Waterloo
62%
138,843 Ajax
54%
163,208 Cambridge
54%
166,371 North Vancouver
54%
207,408 Oshawa
54%
96,058 Peterborough
54%
219,094 Richmond Hill
54%
152,958 St. Catharines
54%
58,024 Brandon
46%
197,585 Langley
46%
159,436 Lévis
46%
152,341 Saguenay
46%
84,905 Prince George
38%
80,264 Sarnia
38%
61,725 Belleville
31%
197,351 Burlington
31%
174,248 Coquitlam
31%
84,876 Drummondville
31%
33,566 Lloydminster
31%
106,489 Maple Ridge
31%
51,764 Rimouski
31%
100,558 Saint-Jean-sur-Richelieu
31%
46,512 Brant
23%
120,372 Brantford
23%
97,697 Brossard
23%
111,368 Chatham - Kent
23%
102,306 Chilliwack
23%
125,165 Delta
23%
84,988 Kawartha Lakes
23%
152,817 Milton
23%
92,433 New Westminster
23%
61,709 North Bay
23%
113,385 Pickering
23%
69,306 Port Coquitlam
23%
90,040 Repentigny
23%
60,707 Saint-Hyacinthe
23%
84,440 Saint-Jérôme
23%
125,278 Terrebonne
23%
44,940 Timmins
23%
33,382 Val-d'Or
23%
63,874 Welland
23%
158,855 Whitby
23%
88,471 Airdrie
15%
67,828 Aurora
15%
71,815 Granby
15%
56,173 Mascouche
15%
95,144 Newmarket
15%
71,813 Norfolk County
15%
33,910 Saint-Georges
15%
30,840 Alma
8%
26,889 Amherstburg
8%
25,083 Beloeil
8%
61,566 Blainville
8%
29,517 Boisbriand
8%
41,936 Boucherville
8%
50,121 Bradford West Gwillimbury
8%
90,631 Caledon
8%
31,854 Chambly
8%
53,217 Châteauguay
8%
28,938 Chestermere
8%
38,014 Cochrane
8%
27,950 Collingwood
8%
29,631 Conception Bay South
8%
52,465 Cornwall
8%
34,247 Dieppe
8%
50,611 Dollard-Des Ormeaux
8%
36,945 Fort Erie
8%
29,716 Fort Saskatchewan
8%
31,578 Grimsby
8%
57,032 Haldimand County
8%
68,042 Halton Hills
8%
25,206 Kingsville
8%
58,320 Langford
8%
27,217 La Prairie
8%
36,508 LaSalle
8%
34,245 Leamington
8%
38,543 Leduc
8%
28,634 Lincoln
8%
30,496 Magog
8%
33,096 Okotoks
8%
36,588 Orillia
8%
25,401 Paradise
8%
39,798 Prince Albert
8%
26,868 Prince Edward County
8%
50,214 Quinte West
8%
43,328 Rouyn-Noranda
8%
26,799 Saint-Bruno-de-Montarville
8%
31,940 Saint-Constant
8%
30,837 Sainte-Julie
8%
27,280 Sainte-Thérèse
8%
47,344 Saint-Eustache
8%
46,208 Salaberry-de-Valleyfield
8%
51,771 Shawinigan
8%
36,291 Sorel-Tracy
8%
42,513 Spruce Grove
8%
73,003 St. Albert
8%
35,787 Stratford
8%
27,265 Strathroy
8%
47,818 St. Thomas
8%
25,771 Tecumseh
8%
26,918 Thetford Mines
8%
27,313 Thorold
8%
46,125 Vaudreuil-Dorion
8%
49,754 Victoriaville
8%
28,133 Wasaga Beach
8%
56,878 Whitchurch - Stouffville
8%
53,583 Woodstock
8%
29,351 Clarence-Rockland
0%
38,303 Côte-Saint-Luc
0%
42,054 East Gwillimbury
0%
52,829 Georgina
0%
49,298 Innisfil
0%
45,043 Lakeshore
0%
67,564 Mirabel
0%
49,507 New Tecumseth
0%
32,048 Orangeville
0%
36,194 Pointe-Claire
0%
26,396 Saint-Lin - Laurentides
0%
No matching quizzes found
Score Distribution
Percent of People with Each Score
Percentile by Number Answered
Your Score History
You have not taken this quiz